SMK je za odvolanie štyroch ministrov

Bibliographic Details
Main Authors: Smolec, Maroš, 1974- (ain), Bugár, Béla, 1958- (Author, uin)
Format: Article
Language:Slovak
PhysicalDescription:Fotogr.
ISSN:1335-4698
Subjects:

MARC

LEADER 00000nab a2200000 a 4500
001 vtls000734838
003 SK-MaSNL
005 20260303183955.0
008 180206c2000 xo 0 slo
015 |a SNBRB2000/10-25605 
035 |a CLN000086706 
040 |a SNKBUCL  |b slo  |c SNKBUCL  |e AACR2 
041 0 |a slo 
044 |a xo  |c SK 
080 |a 329.4(437.6)(=945.11)SMK:329.14(437. 6)SDĽ  |2 UDC-MRF-SK2 
080 |a 329.14(437.6)SDĽ:329(437.6=945.11)  |2 UDC-MRF-SK2 
100 1 |a Smolec, Maroš,  |d 1974-  |4 ain  |9 192878 
245 1 0 |a SMK je za odvolanie štyroch ministrov  |c Maroš Smolec, Béla Bugár 
300 |b Fotogr. 
610 2 7 |a Strana maďarskej koalície - Magyar Koalíció Pártja  |2 SNKKA  |9 229268 
610 2 7 |a Strana demokratickej ľavice  |2 snkbucl  |9 165260 
655 7 |a články z novín a časopisov  |2 snkbucl  |9 267496 
700 1 |a Bugár, Béla,  |d 1958-  |4 aut  |4 uin  |9 103270 
773 0 |x 1335-4698  |t Slovenská republika  |g Roč. 8, č. 229 (5.10.2000), s. 3 
850 |a Slovenská národná knižnica v Martine 
852 |a SNK  |b KIS3GCP 
958 |a RBX 
999 |c 2124055  |d 2125985